Suomen keskiaika -visa - Statistics

Yleistilastot
  • Tätä visaa on pelattu 406 kertaa
  • Keskiarvotulos 8 / 16
Vastaustilastot
Vuosi Vihje Vastaus % Oikein
1200-luku Turun kaupunki, Suomen vanhin, perustetaan tämän joen varrelle Aurajoki
88%
1475 Savon seudulle rakennetaan tämä linna Olavinlinna
87%
1323 Tämä sopimus määrittää ensimmäistä kertaa rajan Ruotsin ja Novgorodin välille {Pähkinäsaaren} rauha
83%
1397 Eerik Pommerilainen kruunataan Pohjoismaiden kuninkaaksi ja tämä valtioliitto syntyy {Kalmarin} unioni
79%
1300-luku Tämä kauppaliitto on suurimmillaan Itämerellä, käyden kauppaa Suomessakin Hansaliitto
71%
1495 Tässä kaupungissa tapahtuu kansantarinan mukaan "pamaus", käännyttäen venäläisen sotaväen Viipuri
61%
1438 Tämänlainen uskonnollinen yhteisö perustetaan Naantaliin Luostari
53%
1365 Kokemäenjoen suulle perustetaan tämä kaupunki Ulvila
52%
1293 Ruotsalaisjoukot suorittavat niin kutsutun kolmannen ristiretken tälle alueelle Suomessa Karjala
49%
1229 Koroisiin perustetaan tämänlainen hallintopaikka paavin määräyksestä {Piispan}istuin
44%
1360-luku Linnan rakentaminen alkaa tässä nykyisessä eteläisessä Suomen kaupungissa Raasepori
41%
1435 Suomalaispiispa Olavi Maununpojasta tulee tämän Euroopan kaupungin yliopiston rehtori Pariisi
29%
1520 Tämä tanskalaiskuningas määrää Tukholman verilöylyn ja valloittaa Suomen linnat, johtaen Ruotsin vapaussotaan ja myöhemmin keskiajan loppuun Kristian II
28%
1497 Tämä Ruotsin ja Moskovan ruhtinaskunnan välinen sota päättyy {Vanha} viha
17%
1349 Tämän kuninkaan maalaki, ensimmäinen koko valtakuntaa koskeva, luultavasti valmistuu Maunu Eerikinpoika
15%
1316 Tämä määräys, Suomen vanhin säilynyt asiakirja, kirjoitetaan Karjalan {nais}rauha
11%
Ehtoja vastaavia visoja ei löytynyt
Tulosjakauma
Jokaisen tuloksen saaneiden osuus
Persentiili vastausten määrän mukaan
Tuloshistoriasi
Et ole pelannut tätä visaa